| 000 | 01277nam a22002657a 4500 | ||
|---|---|---|---|
| 005 | 20110801114221.0 | ||
| 010 | _aB-423781-782 | ||
| 020 |
_a9780415446112 _c295.00 |
||
| 035 | _aB-423781-782 | ||
| 037 | _bAllied Publishers | ||
| 082 | _a780.92 | ||
| 100 |
_aSubramanian, Lakshmi _932463 |
||
| 245 |
_aVeena Dhanammal: _bthe making of a legend / _cby Lakshmi Subramanian |
||
| 260 |
_aNew Delhi _bRoutledge _c2009 |
||
| 270 |
_a912-915 tolstoy House, 15-17 Tolstoy Marg New Delhi _bNew Delhi |
||
| 300 |
_axxxii,110p _c22cm (pbk) _bb&w photos |
||
| 500 | _aincludes bibliographical references and index | ||
| 650 |
_aIndia middle class _932464 |
||
| 650 |
_asocial change _91362 |
||
| 650 |
_asocial history _932465 |
||
| 942 |
_2ddc _cEN _mSUB _h780.92 |
||
| 999 |
_c54595 _d54595 |
||